| 000 | 00532nam a22001697a 4500 | ||
|---|---|---|---|
| 999 |
_c15349 _d15349 |
||
| 082 |
_a631.37 _bPRE/DE |
||
| 100 |
_aPREMAN, P. S _92322 |
||
| 245 | _aDesign, development, fabrication and testing of hold - on type power paddy thresher | ||
| 260 |
_aTavanur _bKelappaji College of Agricultural Engineering and Technology _c1991 |
||
| 300 | _a81 | ||
| 500 | _aproject report | ||
| 520 | _aproject report | ||
| 650 |
_aproject report _92985 |
||
| 700 |
_aSamarendra Singh, Y _93023 |
||
| 700 |
_aSureshkumar, P. K _92902 |
||
| 942 | _cPR | ||